000
00262nam a22000977a 4500
999
_c
10417
_d
10417
008
180216b ||||| |||| 00| 0 eng d
020
_a
97788181372024
100
_a
Sachdeva, P
_9
6362
245
_a
Computer class - VI
260
_a
New Delhi
_b
Rachina Publication
_c
2006